[Event "Oberbayern Bezirksliga 1617"]
[Site "Germany"]
[Date "2016.10.16"]
[Round "1.1"]
[White "Zenker, Ulrich"]
[Black "Duer, Werner"]
[Result "1-0"]
[WhiteElo "2166"]
[BlackElo "2181"]
[PlyCount "153"]
[EventDate "2016.10.16"]
[EventType "team-tourn"]
[EventRounds "9"]
[EventCountry "GER"]
[SourceTitle "EXT 2019"]
[Source "ChessBase"]
[SourceDate "2018.10.10"]
[SourceVersion "1"]
[SourceVersionDate "2018.10.10"]
[SourceQuality "1"]
[WhiteTeam "Ebersberg Grafing"]
[BlackTeam "Pang/Rosenheim"]
[WhiteTeamCountry "GER"]
[BlackTeamCountry "GER"]

1. d4 Nf6 2. Nf3 e6 3. g3 d5 4. Bg2 Be7 5. c4 0-0 6. 0-0 Nbd7 7. Qc2 c6 8. Nbd2 b6 9. e4 Bb7 10. b3 Rc8 11. Bb2 c5 12. exd5 exd5 13. Rad1 dxc4 14. bxc4 cxd4 15. Nxd4 Bxg2 16. Kxg2 g6 17. Qc3 Nc5 18. Qf3 Qd7 19. Nb5 Qg4 20. Nxa7 Rc7 21. Nb5 Rd7 22. Bxf6 Qxf3+ 23. Kxf3 Rd3+ 24. Ke2 Bxf6 25. Ne4 Rxd1 26. Nxf6+ Kg7 27. Rxd1 Kxf6 28. Rd6+ Ke7 29. Rxb6 Ra8 30. Nc3 Ra3 31. Nd5+ Kd7 32. Rb2 h5 33. h4 Ke6 34. Rb6+ Kd7 35. Rb2 Kc6 36. Nb4+ Kc7 37. Rc2 Ne6 38. Rc3 Ra4 39. a3 Kd6 40. Ke3 Ra8 41. Nd3 Re8 42. Kd2 Nc5 43. Nxc5 Kxc5 44. Kd3 Rd8+ 45. Ke4 Rd2 46. f3 Rg2 47. Kf4 Ra2 48. Ke5 Rg2 49. f4 Rb2 50. Kf6 Rb7 51. f5 Kd4 52. Rf3 gxf5 53. c5 Ra7 54. c6 Ra6 55. Rxf5 Rxc6+ 56. Kxf7 Rc3 57. Rg5 Rxa3 58. Kg6 Ke4 59. Kxh5 Kf3 60. Kh6 Ra6+ 61. Rg6 Ra8 62. g4 Kg3 63. h5 Kh4 64. Kh7 Ra7+ 65. Rg7 Ra8 66. h6 Ra6 67. Rg6 Ra7+ 68. Kg8 Ra8+ 69. Kf7 Ra7+ 70. Kf6 Ra6+ 71. Kf5 Ra5+ 72. Ke4 Ra4+ 73. Kd5 Ra5+ 74. Kc4 Ra4+ 75. Kb5 Ra8 76. h7 Rh8 77. Rg7 1-0

[Event "Oberliga Bayern 1011"]
[Site "Germany"]
[Date "2011.03.20"]
[Round "8.6"]
[White "Duer, Werner"]
[Black "Seregelyes, Csaba"]
[Result "1/2-1/2"]
[WhiteElo "2217"]
[BlackElo "1991"]
[PlyCount "134"]
[EventDate "2010.10.10"]
[EventType "team-tourn"]
[EventRounds "9"]
[EventCountry "GER"]
[SourceTitle "EXT 2012"]
[Source "ChessBase"]
[SourceDate "2011.11.24"]
[SourceVersion "1"]
[SourceVersionDate "2011.11.24"]
[SourceQuality "1"]
[WhiteTeam "Pang/Rosenheim"]
[BlackTeam "Puschendorf"]
[WhiteTeamCountry "GER"]
[BlackTeamCountry "GER"]

1. d4 Nf6 2. Nf3 d5 3. c4 e6 4. Nc3 Be7 5. Bg5 h6 6. Bh4 0-0 7. e3 b6 8. Bd3 dxc4 9. Bxc4 Bb7 10. 0-0 Ne4 11. Bg3 Nxg3 12. hxg3 Nd7 13. Qe2 c5 14. Rfd1 Qc7 15. Rac1 Rac8 16. e4 cxd4 17. Nb5 Qb8 18. Nfxd4 Ne5 19. Bb3 Rfd8 20. Rxc8 Rxc8 21. Nxe6 fxe6 22. Bxe6+ Kh8 23. Bxc8 Bxc8 24. Qc2 Bg4 25. Rc1 Bc5 26. a3 a5 27. Rb1 Qe8 28. Nc3 Qh5 29. Qd2 Kh7 30. Qd5 Qf7 31. Qxf7 Nxf7 32. b4 Bf8 33. Nd5 axb4 34. axb4 b5 35. f4 Be6 36. Nc7 Bc4 37. e5 Nd8 38. Kf2 Nc6 39. Na6 Kg6 40. g4 h5 41. gxh5+ Kxh5 42. Ke3 g5 43. g3 Kg4 44. Ke4 Be6 45. Rb2 Bf5+ 46. Kd5 Ne7+ 47. Kc5 gxf4 48. gxf4 Kxf4 49. e6 Ng6+ 50. Kxb5 Bxe6 51. Nc5 Bxc5 52. bxc5 Ke5 53. Re2+ Kd5 54. Rd2+ Ke5 55. c6 Ne7 56. c7 Kf6 57. Kc5 Nc8 58. Kc6 Ke7 59. Kb7 Nd6+ 60. Kb8 Bf5 61. Rg2 Be6 62. Rg7+ Ke8 63. Ka7 Nc8+ 64. Kb7 Ne7 65. Rh7 Bc8+ 66. Kb8 Bf5 67. Rg7 Be6 1/2-1/2

[Event "Oberliga Bayern 1011"]
[Site "Germany"]
[Date "2010.12.12"]
[Round "4.5"]
[White "Hiermann, Dietmar"]
[Black "Duer, Werner"]
[Result "1/2-1/2"]
[WhiteElo "2231"]
[BlackElo "2217"]
[PlyCount "66"]
[EventDate "2010.10.10"]
[EventType "team-tourn"]
[EventRounds "9"]
[EventCountry "GER"]
[SourceTitle "EXT 2012"]
[Source "ChessBase"]
[SourceDate "2011.11.24"]
[SourceVersion "1"]
[SourceVersionDate "2011.11.24"]
[SourceQuality "1"]
[WhiteTeam "Passau"]
[BlackTeam "Pang/Rosenheim"]
[WhiteTeamCountry "GER"]
[BlackTeamCountry "GER"]

1. e4 c6 2. d4 d5 3. Nc3 dxe4 4. Nxe4 Nf6 5. Nxf6+ exf6 6. Nf3 Bd6 7. Bd3 0-0 8. 0-0 Bg4 9. Be3 Nd7 10. c4 Re8 11. a3 Nf8 12. Rc1 Rc8 13. Re1 Bb8 14. h3 Bh5 15. Rc3 Rc7 16. g4 Bg6 17. Bf4 Rxe1+ 18. Nxe1 Rd7 19. Bxb8 Qxb8 20. Nf3 Ne6 21. Bxg6 hxg6 22. Kf1 Qd8 23. Re3 Nxd4 24. Nxd4 Rxd4 25. Re8+ Qxe8 26. Qxd4 b6 27. c5 b5 28. b4 f5 29. Qd6 f6 30. f3 fxg4 31. hxg4 g5 32. Kf2 a6 33. Kf1 Kf7 1/2-1/2

[Event "AUT-chT2W 1011"]
[Site "Austria"]
[Date "2010.11.28"]
[Round "6"]
[White "Duer, Werner"]
[Black "Ljubic, Juro"]
[Result "1/2-1/2"]
[WhiteElo "2262"]
[BlackElo "2186"]
[PlyCount "172"]
[EventDate "2010.10.15"]
[EventType "team-tourn"]
[EventRounds "11"]
[EventCountry "AUT"]
[SourceTitle "EXT 2012"]
[Source "ChessBase"]
[SourceDate "2011.11.24"]
[SourceVersion "1"]
[SourceVersionDate "2011.11.24"]
[SourceQuality "1"]
[WhiteTeam "Absam"]
[BlackTeam "Schwarzach"]
[WhiteTeamCountry "AUT"]
[BlackTeamCountry "AUT"]

1. d4 c5 2. c3 d5 3. Nf3 cxd4 4. cxd4 Nc6 5. Nc3 Bf5 6. Qb3 e6 7. Qxb7 Nb4 8. e4 Be7 9. Bb5+ Kf8 10. Ne5 Nf6 11. exf5 Rb8 12. Qxa7 Ra8 13. Qb7 Rb8 14. Nd7+ Nxd7 15. Qxd7 Nc2+ 16. Kd1 Qxd7 17. Bxd7 Nxa1 18. fxe6 Rb4 19. Ne2 Rc4 20. Bb5 Rb4 21. Bd3 fxe6 22. b3 Kf7 23. Bb2 Nxb3 24. axb3 Rxb3 25. Kc2 Rhb8 26. Bc3 Ra3 27. Ra1 Rxa1 28. Bxa1 g6 29. Bc3 Ra8 30. Kd2 Ra3 31. g3 Bd6 32. h4 Kg7 33. Ng1 Ra2+ 34. Bc2 Be7 35. Nf3 Bf6 36. Bb4 Ra6 37. Ke3 Ra2 38. Bd3 Kf7 39. Bd6 Rb2 40. Be5 Be7 41. Bf4 Bf6 42. g4 Rb3 43. g5 Bg7 44. Be5 Bf8 45. Bf4 Bg7 46. Ne5+ Bxe5 47. Bxe5 Ra3 48. Ke2 Ra2+ 49. Kf1 Rd2 50. Be2 Ra2 51. Bf3 Rb2 52. Kg2 Ra2 53. Bf4 Ra4 54. Be3 Ke7 55. h5 Rb4 56. Kg3 Ra4 57. hxg6 hxg6 58. Be2 Ra3 59. Kf4 Kd6 60. Bd2 Rb3 61. Bc1 Rc3 62. Be3 Ra3 63. Bd1 Rc3 64. Kf3 Ke7 65. Ke2 Kf7 66. Kd2 Rc6 67. Bc2 Rc7 68. Kc1 Rb7 69. Ba4 Rb4 70. Bc2 Rb7 71. Kd2 Rc7 72. Bd3 Rc8 73. Ke2 Rc3 74. Bd2 Rb3 75. Bc2 Ra3 76. Bb4 Rh3 77. f3 Rh2+ 78. Kd3 Rf2 79. Bd1 Rg2 80. Bd2 Rg1 81. Bc2 Rg3 82. Bd1 Rg1 83. Be2 Rg2 84. Be3 Rg3 85. Bf4 Rg1 86. Ke3 Ra1 1/2-1/2

[Event "AUT-chT2W 1011"]
[Site "Austria"]
[Date "2010.11.27"]
[Round "5"]
[White "Matt, Fabian"]
[Black "Duer, Werner"]
[Result "1/2-1/2"]
[WhiteElo "2053"]
[BlackElo "2262"]
[PlyCount "78"]
[EventDate "2010.10.15"]
[EventType "team-tourn"]
[EventRounds "11"]
[EventCountry "AUT"]
[SourceTitle "EXT 2012"]
[Source "ChessBase"]
[SourceDate "2011.11.24"]
[SourceVersion "1"]
[SourceVersionDate "2011.11.24"]
[SourceQuality "1"]
[WhiteTeam "Bregenz"]
[BlackTeam "Absam"]
[WhiteTeamCountry "AUT"]
[BlackTeamCountry "AUT"]

1. e4 c6 2. d4 d5 3. Nc3 dxe4 4. Nxe4 Nd7 5. Ng5 Ngf6 6. Bd3 e6 7. N1f3 Bd6 8. Qe2 h6 9. Nh3 Qc7 10. c4 b6 11. Bd2 g5 12. Ne5 Nxe5 13. dxe5 Bxe5 14. 0-0-0 Bb7 15. f4 gxf4 16. Rhf1 0-0-0 17. Nxf4 Rd7 18. Bc2 c5 19. Nd3 Ne4 20. Nxe5 Qxe5 21. Bf4 Rxd1+ 22. Qxd1 Qd4 23. Qxd4 cxd4 24. Bxe4 Bxe4 25. Be5 Rh7 26. Bxd4 f5 27. Rf2 Rd7 28. Be5 h5 29. g3 b5 30. cxb5 Rd5 31. Bc3 Rxb5 32. Rd2 Bd5 33. a3 Rc5 34. Re2 Rc4 35. Re3 h4 36. Kd2 hxg3 37. hxg3 Kb7 38. Be5 Rc8 39. Rc3 Rxc3 1/2-1/2

[Event "Oberliga Bayern 1011"]
[Site "Germany"]
[Date "2010.11.14"]
[Round "3.6"]
[White "Duer, Werner"]
[Black "Paerr, Manfred"]
[Result "1-0"]
[WhiteElo "2217"]
[BlackElo "2076"]
[PlyCount "57"]
[EventDate "2010.10.10"]
[EventType "team-tourn"]
[EventRounds "9"]
[EventCountry "GER"]
[SourceTitle "EXT 2012"]
[Source "ChessBase"]
[SourceDate "2011.11.24"]
[SourceVersion "1"]
[SourceVersionDate "2011.11.24"]
[SourceQuality "1"]
[WhiteTeam "Pang/Rosenheim"]
[BlackTeam "Regensburg Fortuna"]
[WhiteTeamCountry "GER"]
[BlackTeamCountry "GER"]

1. d4 Nf6 2. Nf3 e6 3. c4 c5 4. e3 b6 5. Bd3 Bb7 6. 0-0 Be7 7. Nc3 Na6 8. b3 0-0 9. Bb2 cxd4 10. exd4 d5 11. Rc1 Rc8 12. Ne5 Qd6 13. Nb5 Qb8 14. Qe2 Nb4 15. Bb1 Rfd8 16. Rfe1 Re8 17. a3 Nc6 18. cxd5 Nxe5 19. dxe5 Nxd5 20. Rxc8 Rxc8 21. Qh5 g6 22. Qh6 Bf8 23. Qh4 Rd8 24. Be4 Rd7 25. Nd6 Be7 26. Qh6 Qd8 27. Nxf7 Kxf7 28. Qxh7+ Kf8 29. Qh6+ 1-0

[Event "AUT-chT2W 1011"]
[Site "Austria"]
[Date "2010.10.15"]
[Round "1.4"]
[White "Duer, Werner"]
[Black "Hengl, Christian"]
[Result "0-1"]
[WhiteElo "2262"]
[BlackElo "2193"]
[PlyCount "86"]
[EventDate "2010.10.15"]
[EventType "team-tourn"]
[EventRounds "11"]
[EventCountry "AUT"]
[SourceTitle "EXT 2011"]
[Source "ChessBase"]
[SourceDate "2010.11.26"]
[SourceVersion "1"]
[SourceVersionDate "2010.11.26"]
[SourceQuality "1"]
[WhiteTeam "Absam"]
[BlackTeam "Rum Rochade"]
[WhiteTeamCountry "AUT"]
[BlackTeamCountry "AUT"]

1. d4 d5 2. c4 c6 3. Nf3 Nf6 4. e3 a6 5. Nbd2 Bf5 6. Be2 Nbd7 7. 0-0 e6 8. Nh4 Bg6 9. cxd5 cxd5 10. Nxg6 hxg6 11. Qb3 Bd6 12. g3 Qb6 13. Bd3 Ng4 14. Qxb6 Nxb6 15. Nf3 f5 16. Bd2 Ke7 17. Rfc1 Nd7 18. Bf1 Ngf6 19. Rc2 Ne4 20. Be1 g5 21. h3 Rh6 22. Nd2 Rah8 23. Bg2 Ndf6 24. Nf1 g4 25. hxg4 fxg4 26. Rac1 Ng5 27. Nd2 Nfe4 28. Nxe4 dxe4 29. a3 Kd7 30. Bb4 Bb8 31. Ba5 Rh2 32. Kf1 Nf3 33. Rc7+ Bxc7 34. Rxc7+ Kd6 35. Rxb7 Rc8 36. Bc3 Rc7 37. Rb6+ Kd5 38. Rxa6 Kc4 39. Rxe6 Kd3 40. Rg6 Rh5 41. d5 Rxd5 42. a4 Kc2 43. Rxg4 Rd1+ 0-1

[Event "Latschach op 26th"]
[Site "Latschach"]
[Date "2010.08.15"]
[Round "3"]
[White "Suster, Otto"]
[Black "Duer, Werner"]
[Result "0-1"]
[WhiteElo "2062"]
[BlackElo "2262"]
[PlyCount "75"]
[EventDate "2010.08.14"]
[EventType "swiss"]
[EventRounds "9"]
[EventCountry "AUT"]
[SourceTitle "CBM 138 Extra"]
[Source "ChessBase"]
[SourceDate "2010.10.29"]
[SourceVersion "1"]
[SourceVersionDate "2010.10.29"]
[SourceQuality "1"]

1. e4 c6 2. Nf3 d5 3. exd5 cxd5 4. d4 Nc6 5. Be2 Nf6 6. 0-0 Bg4 7. c3 e6 8. Re1 Be7 9. Nbd2 0-0 10. Nf1 Qc7 11. h3 Bxf3 12. Bxf3 b5 13. Re2 Rac8 14. Be3 a5 15. Rc1 a4 16. a3 Na5 17. Rcc2 Bd6 18. Bg5 Nd7 19. Bc1 Nc4 20. Re1 Ndb6 21. Be2 Rcd8 22. Bd3 g6 23. Qf3 Kg7 24. Qg4 e5 25. Qh4 Rfe8 26. dxe5 Bxe5 27. Rce2 h5 28. Qg5 Re6 29. f4 Bf6 30. Qg3 Rxe2 31. Rxe2 d4 32. cxd4 Rxd4 33. Bc2 Nd5 34. Rf2 Ncb6 35. Qf3 Rc4 36. Qd3 Bd4 37. Be3 Nxe3 38. Nxe3 0-1

[Event "AUT-ch"]
[Site "Vienna"]
[Date "2010.08.01"]
[Round "9"]
[White "Danner, Georg"]
[Black "Duer, Werner"]
[Result "1/2-1/2"]
[WhiteElo "2418"]
[BlackElo "2262"]
[PlyCount "104"]
[EventDate "2010.07.24"]
[EventType "swiss"]
[EventRounds "9"]
[EventCountry "AUT"]
[SourceTitle "CBM 137 Extra"]
[Source "ChessBase"]
[SourceDate "2010.09.01"]
[SourceVersion "1"]
[SourceVersionDate "2010.09.01"]
[SourceQuality "1"]

1. d4 Nf6 2. Nf3 e6 3. c4 Bb4+ 4. Nbd2 d5 5. e3 0-0 6. b3 b6 7. Bd3 Bb7 8. 0-0 c5 9. Bb2 cxd4 10. exd4 Nc6 11. Qe2 Re8 12. Rad1 Bf8 13. Qe3 Qc7 14. Ne5 dxc4 15. bxc4 Nxe5 16. dxe5 Nd7 17. Ne4 Bxe4 18. Qxe4 g6 19. Be2 Nc5 20. Qf4 Rad8 21. Bd4 Qc6 22. h4 Qe4 23. Qxe4 Nxe4 24. Bf3 Bc5 25. Bxc5 Nxc5 26. Bc6 Rxd1 27. Rxd1 Rc8 28. Rd6 Kf8 29. f4 Ke7 30. Kf2 f6 31. Ke3 fxe5 32. fxe5 Rf8 33. g4 h5 34. Rd4 Rf1 35. gxh5 gxh5 36. Bf3 Nd7 37. Bxh5 Nxe5 38. Be2 Ra1 39. Rd2 Rh1 40. h5 Nd7 41. Rd1 Rh4 42. Rg1 Ne5 43. Rg7+ Kf6 44. Rxa7 Nxc4+ 45. Bxc4 Rxc4 46. h6 Rh4 47. h7 Kg6 48. Re7 Rxh7 49. Rxe6+ Kf5 50. Rxb6 Ra7 51. Rb2 Ke5 52. Rd2 Rh7 1/2-1/2

[Event "AUT-ch"]
[Site "Vienna"]
[Date "2010.07.25"]
[Round "2"]
[White "Duer, Werner"]
[Black "Prager, Manfred1111"]
[Result "1-0"]
[WhiteElo "2262"]
[BlackElo "2056"]
[PlyCount "59"]
[EventDate "2010.07.24"]
[EventType "swiss"]
[EventRounds "9"]
[EventCountry "AUT"]
[SourceTitle "CBM 137 Extra"]
[Source "ChessBase"]
[SourceDate "2010.09.01"]
[SourceVersion "1"]
[SourceVersionDate "2010.09.01"]
[SourceQuality "1"]

1. Nf3 d5 2. d4 Nf6 3. c4 e6 4. Nc3 Be7 5. Bg5 Nbd7 6. e3 0-0 7. Rc1 c6 8. Bd3 dxc4 9. Bxc4 b6 10. 0-0 Bb7 11. Qe2 Nd5 12. Bxe7 Nxc3 13. bxc3 Qxe7 14. e4 Rfd8 15. Rfd1 b5 16. Bd3 a6 17. c4 e5 18. cxb5 axb5 19. Bb1 exd4 20. Nxd4 Ne5 21. Nf5 Qf8 22. Qh5 Nc4 23. e5 g6 24. Qg5 Rxd1+ 25. Rxd1 Re8 26. Nh6+ Kg7 27. Nf5+ Kg8 28. Nh6+ Kg7 29. f4 Ne3 30. Rd7 1-0

[Event "AUT-chT2W 0910"]
[Site "Austria"]
[Date "2010.03.13"]
[Round "10.4"]
[White "Bezler, Rainer"]
[Black "Duer, Werner"]
[Result "0-1"]
[WhiteElo "2292"]
[BlackElo "2250"]
[PlyCount "46"]
[EventDate "2009.10.23"]
[EventType "team-tourn"]
[EventRounds "11"]
[EventCountry "AUT"]
[SourceTitle "EXT 2011"]
[Source "ChessBase"]
[SourceDate "2010.11.26"]
[SourceVersion "1"]
[SourceVersionDate "2010.11.26"]
[SourceQuality "1"]
[WhiteTeam "Bregenz"]
[BlackTeam "Absam"]
[WhiteTeamCountry "AUT"]
[BlackTeamCountry "AUT"]

1. d4 Nf6 2. c4 c6 3. Nc3 d5 4. Nf3 a6 5. e3 e6 6. Bd3 dxc4 7. Bxc4 c5 8. a4 Nc6 9. 0-0 cxd4 10. exd4 Be7 11. Re1 0-0 12. Be3 Nb4 13. Ne5 Bd7 14. Rc1 Rc8 15. Qf3 Bc6 16. Nxc6 Rxc6 17. b3 Qd7 18. Red1 Rd8 19. h3 Rdc8 20. Bg5 Nfd5 21. Bxd5 Nxd5 22. Bd2 Ba3 23. Ra1 Nxc3 0-1

[Event "AUT-chT2W 0910"]
[Site "Austria"]
[Date "2010.01.31"]
[Round "8.4"]
[White "Duer, Werner"]
[Black "Grafl, Florian"]
[Result "1/2-1/2"]
[WhiteElo "2250"]
[BlackElo "2426"]
[PlyCount "104"]
[EventDate "2009.10.23"]
[EventType "team-tourn"]
[EventRounds "11"]
[EventCountry "AUT"]
[SourceTitle "EXT 2011"]
[Source "ChessBase"]
[SourceDate "2010.11.26"]
[SourceVersion "1"]
[SourceVersionDate "2010.11.26"]
[SourceQuality "1"]
[WhiteTeam "Absam"]
[BlackTeam "Salzburg Sued"]
[WhiteTeamCountry "AUT"]
[BlackTeamCountry "AUT"]

1. d4 f5 2. g3 Nf6 3. Bg2 g6 4. Nf3 Bg7 5. 0-0 0-0 6. Nbd2 d6 7. c3 Nc6 8. Qb3+ Kh8 9. Ng5 d5 10. f4 a5 11. a4 b6 12. Ndf3 e6 13. Qc2 h6 14. Nh3 Ne4 15. Be3 Ba6 16. Nf2 Nxf2 17. Rxf2 Qe7 18. h4 Bf6 19. Qd2 Rg8 20. Bh3 Nd8 21. Rh2 h5 22. Ne5 Nf7 23. Bg2 Nd6 24. b3 Rac8 25. Nd3 Qg7 26. Rc1 Rgd8 27. Bf3 c5 28. Ne5 Kh7 29. Kg2 Qe7 30. Rhh1 Qe8 31. Qa2 Bb7 32. Rc2 c4 33. b4 axb4 34. cxb4 Ra8 35. Ra1 Bc6 36. a5 Bb5 37. Qb1 Rdb8 38. Rca2 bxa5 39. Rxa5 Rxa5 40. Rxa5 Bd8 41. Ra7+ Nb7 42. Qa1 Bb6 43. Ra3 Kg7 44. Bd2 Nd6 45. e3 Qc8 46. Bc3 Be8 47. Bd1 Nb5 48. Ra2 Nc7 49. Nf3 Ra8 50. Nd2 Rxa2 51. Qxa2 Qa8 52. Qxa8 Nxa8 1/2-1/2

[Event "AUT-chT2W 0910"]
[Site "Austria"]
[Date "2010.01.30"]
[Round "7.4"]
[White "Duer, Werner"]
[Black "Burschowsky, Matthias"]
[Result "0-1"]
[WhiteElo "2250"]
[BlackElo "2214"]
[PlyCount "68"]
[EventDate "2009.10.23"]
[EventType "team-tourn"]
[EventRounds "11"]
[EventCountry "AUT"]
[SourceTitle "EXT 2011"]
[Source "ChessBase"]
[SourceDate "2010.11.26"]
[SourceVersion "1"]
[SourceVersionDate "2010.11.26"]
[SourceQuality "1"]
[WhiteTeam "Absam"]
[BlackTeam "Hohenems II"]
[WhiteTeamCountry "AUT"]
[BlackTeamCountry "AUT"]

1. d4 Nf6 2. Nf3 e6 3. e3 b6 4. Bd3 Bb7 5. 0-0 Be7 6. c4 0-0 7. Nc3 d5 8. b3 Nbd7 9. Bb2 Ne4 10. Bxe4 dxe4 11. Nd2 f5 12. f3 exf3 13. Nxf3 Nf6 14. Qe2 Bd6 15. a3 a5 16. Rad1 Qe7 17. Nb5 Ng4 18. h3 Bg3 19. a4 Qf6 20. d5 Qh6 21. Bc1 Qh5 22. Nfd4 exd5 23. Qf3 Bh2+ 24. Kh1 g6 25. cxd5 Rae8 26. Nc6 Qh4 27. Nbd4 Bg3 28. d6 Bxd6 29. Qd5+ Rf7 30. Nxf5 gxf5 31. Rxf5 Nf2+ 32. Rxf2 Qxf2 33. Qg5+ Kh8 34. Bd2 Qf1+ 0-1

[Event "AUT-chT2W 0910"]
[Site "Austria"]
[Date "2009.11.28"]
[Round "5.3"]
[White "Webersberger, Johann"]
[Black "Duer, Werner"]
[Result "1/2-1/2"]
[WhiteElo "2367"]
[BlackElo "2250"]
[PlyCount "89"]
[EventDate "2009.10.23"]
[EventType "team-tourn"]
[EventRounds "11"]
[EventCountry "AUT"]
[SourceTitle "CBM 133 Extra"]
[Source "ChessBase"]
[SourceDate "2010.01.05"]
[SourceVersion "1"]
[SourceVersionDate "2010.01.05"]
[SourceQuality "1"]
[WhiteTeam "Ranshofen"]
[BlackTeam "Absam"]
[WhiteTeamCountry "AUT"]
[BlackTeamCountry "AUT"]

1. d4 d5 2. Nf3 Nf6 3. c4 c6 4. e3 Bg4 5. Qb3 Qb6 6. Nc3 e6 7. Ne5 Bf5 8. Qxb6 axb6 9. f3 h5 10. cxd5 exd5 11. Bd3 Bxd3 12. Nxd3 Na6 13. Bd2 Nb4 14. Ke2 Nxd3 15. Kxd3 Bb4 16. Nb5 Bxd2 17. Nc7+ Kd7 18. Nxa8 Ba5 19. b4 Rxa8 20. bxa5 Rxa5 21. Rhb1 Kc7 22. e4 b5 23. a3 Ra8 24. Re1 Kd7 25. Rf1 g6 26. g3 Ke6 27. Rfb1 Ra7 28. h3 Nd7 29. g4 hxg4 30. hxg4 Nb6 31. e5 Nc4 32. f4 Rxa3+ 33. Rxa3 Nxa3 34. Rf1 b4 35. f5+ gxf5 36. gxf5+ Ke7 37. Rf4 b6 38. Rh4 c5 39. Kd2 c4 40. Rh7 c3+ 41. Kd3 c2 42. Rh1 b3 43. Kc3 Nb5+ 44. Kxb3 Nxd4+ 45. Kb2 1/2-1/2